Alle Länder der Welt in 10 Minuten (mit Karte) - Statistiken

Allgemein
  • Dieses Quiz wurde 79 mal gespielt
  • Das Durchschnittsergebnis liegt bei 79 aus 193
Antworten auf der Karte
Die Antworten werden auf der Karte rot bzw. grün angezeigt, abhängig davon wie oft sie richtig erraten wurden.
 
Antwortstatistiken
Antwort % Korrekt
USA
94%
Kanada
90%
Mexiko
90%
Brasilien
82%
Deutschland
82%
Chile
77%
Frankreich
76%
Argentinien
74%
Russland
73%
Peru
69%
Irland
68%
Kuba
68%
Schweden
68%
Spanien
68%
Finnland
66%
Bolivien
65%
Island
65%
Italien
65%
Jamaika
65%
Norwegen
65%
Panama
65%
China
63%
Dänemark
63%
Ecuador
63%
Haiti
63%
Paraguay
63%
Schweiz
63%
Uruguay
63%
Australien
61%
Portugal
61%
Kolumbien
60%
Venezuela
60%
Grossbritannien
58%
Honduras
58%
Belgien
56%
Dominikanische Republik
56%
Guyana
56%
Indien
56%
Polen
56%
Belize
55%
Costa Rica
55%
Guatemala
55%
Niederlande
55%
Estland
53%
Japan
53%
Lettland
53%
Nicaragua
53%
Österreich
53%
Suriname
53%
Bahamas
52%
Ukraine
52%
El Salvador
50%
Litauen
50%
Irak
48%
Iran
48%
Neuseeland
48%
Tschechien
48%
Israel
47%
Luxemburg
47%
Andorra
45%
Mongolei
45%
St. Lucia
45%
Türkei
45%
Ägypten
44%
Belarus
44%
Marokko
44%
Monaco
44%
Slowakei
44%
Barbados
42%
Indonesien
42%
Rumänien
42%
Saudi-Arabien
42%
Trinidad und Tobago
42%
Ungarn
42%
Algerien
40%
Antigua und Barbuda
40%
Jemen
40%
Libyen
40%
Mali
40%
Oman
40%
Syrien
40%
Bulgarien
39%
Demokratische Volksrepublik Korea
39%
Dominica
39%
Griechenland
39%
Kasachstan
39%
St. Kitts und Nevis
39%
Südafrika
39%
Tunesien
39%
Moldau
37%
Niger
37%
Nigeria
37%
Republik Korea
37%
San Marino
37%
Slowenien
37%
St. Vincent und die Grenadinen
37%
Thailand
37%
Vereinigte Arabische Emirate
37%
Albanien
35%
Bahrain
35%
Demokratische Republik Kongo
35%
Grenada
35%
Katar
35%
Liechtenstein
35%
Madagaskar
35%
Pakistan
35%
Republik Kongo
35%
Serbien
35%
Sudan
35%
Fidschi
34%
Kroatien
34%
Montenegro
34%
Nepal
34%
Angola
32%
Georgien
32%
Namibia
32%
Papua-Neuguinea
32%
Südsudan
32%
Togo
32%
Afghanistan
31%
Bosnien und Herzegowina
31%
Jordanien
31%
Kambodscha
31%
Kenia
31%
Malta
31%
Mauretanien
31%
Nordmazedonien
31%
Philippinen
31%
Tschad
31%
Uganda
31%
Armenien
29%
Bangladesch
29%
Bhutan
29%
Guinea
29%
Kap Verde
29%
Kirgistan
29%
Laos
29%
Malaysia
29%
Malediven
29%
Myanmar
29%
Osttimor
29%
Sambia
29%
Senegal
29%
Somalia
29%
Sri Lanka
29%
Usbekistan
29%
Vanuatu
29%
Vietnam
29%
Zypern
29%
Aserbaidschan
27%
Elfenbeinküste
27%
Eritrea
27%
Ghana
27%
Libanon
27%
Mauritius
27%
Salomonen
27%
Seychellen
27%
Tadschikistan
27%
Turkmenistan
27%
Burkina Faso
26%
Guinea-Bissau
26%
Kuwait
26%
Lesotho
26%
Palau
26%
Samoa
26%
Sierra Leone
26%
Tonga
26%
Tuvalu
26%
Brunei
24%
Eswatini
24%
Gambia
24%
Liberia
24%
Malawi
24%
Mikronesien
24%
Mosambik
24%
Nauru
24%
Ruanda
24%
São Tomé und Príncipe
24%
Äthiopien
23%
Benin
23%
Botswana
23%
Burundi
23%
Gabun
23%
Singapur
23%
Tansania
23%
Komoren
21%
Simbabwe
21%
Zentralafrikanische Republik
21%
Äquatorialguinea
19%
Dschibuti
19%
Kamerun
19%
Kiribati
19%
Marshallinseln
19%
Keine übereinstimmenden Quizze gefunden
Verteilung der Resultate
Anzahl Personen mit jedem Resultat
Perzentil nach korrekt beantworteten Fragen
Ihre Resultats-Entwicklung
Sie haben dieses Quiz noch nicht gespielt